000 00612nam a22002297a 4500
010 _a028691
020 _c00
035 _a028691
037 _bCen Lib/Ret
040 _aDPL
_bEN
082 _a020.1
_bIRW
100 _aIrwin, Raymond
_93886
245 _aLibrarianship :
_cby Raymond Irwin
_bessays on applied bibliography /
246 _b
260 _bGrafton & Co.
_c1949
_aLondon
270 _bLondon
300 _a131p.
_c18cm(Hb)
500 _aincludes index
650 _aLibrary Sciences
_9142865
650 _aTheory & Practice
_93888
942 _2ddc
_cEN
_h020.1
_mIRW
999 _c123052
_d123052